The story of Jesus / by Jane Werner Watson ; illustrated by Jerry Smath.
An introduction to Jesus for very young children -- a perfect gift for the holiday season! A gentle look at Jesus's birth, childhood, teachings, crucifixion, and resurrection. Written in a simple, warm style, with colorful illustrations that will captivate and inspire.
Record details
- ISBN: 9780375839412
- ISBN: 0375839410
- Physical Description: 1 volume (unpaged) : color illustrations ; 21 cm
- Edition: Revised edition.
- Publisher: New York : A Golden Book, 2007.
Search for related items by subject
| Subject: | Jesus Christ > Juvenile literature. Mary and Joseph > Juvenile literature. John the Baptist Pontius Pilate Prophet Baptized Carpenter Passover Golgotha Bethlehem |
| Genre: | Juvenile works |
Search for related items by series
Available copies
- 1 of 1 copy available at scottsboropl.
Holds
- 0 current holds with 1 total copy.
Show Only Available Copies
| Location | Call Number / Copy Notes | Barcode | Shelving Location | Status | Due Date |
|---|---|---|---|---|---|
| scottsboropl | E Wat | 32269001253130 | Juvenile - Easy | Available | - |
| LDR | 01830cam a2200433 i 4500 | ||
|---|---|---|---|
| 001 | 163414 | ||
| 003 | SBPL | ||
| 005 | 20240607151548.0 | ||
| 008 | 060309t20072002nyua j 000 0 eng | ||
| 010 | . | ‡a 2006923667 | |
| 020 | . | ‡a9780375839412 ‡q(hardcover) | |
| 020 | . | ‡a0375839410 ‡q(hardcover) | |
| 035 | . | ‡a(OCoLC)298112109 | |
| 050 | 4. | ‡aBT301.2 ‡b.W38 2007 | |
| 082 | 1 | 4. | ‡a232 WAT |
| 100 | 1 | . | ‡aWatson, Jane Werner, ‡d1915-;2004,: ‡eauthor. |
| 245 | 1 | 4. | ‡aThe story of Jesus / ‡cby Jane Werner Watson ; illustrated by Jerry Smath. |
| 250 | . | ‡aRevised edition. | |
| 264 | 1. | ‡aNew York : ‡bA Golden Book, ‡c2007. | |
| 300 | . | ‡a1 volume (unpaged) : ‡bcolor illustrations ; ‡c21 cm | |
| 336 | . | ‡atext ‡btxt ‡2rdacontent | |
| 337 | . | ‡aunmediated ‡bn ‡2rdamedia | |
| 338 | . | ‡avolume ‡bnc ‡2rdacarrier | |
| 490 | 1 | . | ‡aA little golden book |
| 520 | . | ‡aAn introduction to Jesus for very young children -- a perfect gift for the holiday season! A gentle look at Jesus's birth, childhood, teachings, crucifixion, and resurrection. Written in a simple, warm style, with colorful illustrations that will captivate and inspire. | |
| 600 | 0 | 0. | ‡aJesus Christ ‡vJuvenile literature. |
| 600 | 0 | 0. | ‡aMary and Joseph ‡vJuvenile literature. |
| 600 | 0 | 0. | ‡aJohn the Baptist |
| 600 | 0 | 0. | ‡aPontius Pilate |
| 650 | 0 | . | ‡aProphet |
| 650 | 0 | . | ‡aBaptized |
| 650 | 0 | . | ‡aCarpenter |
| 650 | 0 | . | ‡aPassover |
| 651 | 0 | . | ‡aGolgotha |
| 651 | 0 | . | ‡aBethlehem |
| 655 | 7. | ‡aJuvenile works ‡2fast | |
| 700 | 1 | . | ‡aSmath, Jerry,: ‡eillustrator. |
| 830 | 0. | ‡aLittle golden books. | |
| 901 | . | ‡a163414 ‡bAUTOGEN ‡c163414 ‡tbiblio | |